In search of the primitive A critique of civilization

Salvato in:
Dettagli Bibliografici
Autore principale: Stanley Diamond
Natura: Libro
Lingua:Undetermined
Pubblicazione: New Brunswick Transaction 1993
Soggetti:
Tags: Aggiungi Tag
Nessun Tag, puoi essere il primo ad aggiungerne! !
Thư viện lưu trữ: Trung tâm Học liệu Trường Đại học Cần Thơ
LEADER 00522nam a2200193Ia 4500
001 CTU_18454
008 210402s9999 xx 000 0 und d
082 |a 301 
082 |b D537 
100 |a Stanley Diamond 
245 0 |a In search of the primitive 
245 2 |b A critique of civilization 
245 0 |c Stanley Diamond 
260 |a New Brunswick 
260 |b Transaction 
260 |c 1993 
650 |a anthropology,sociology 
904 |i Minh, 970913 
980 |a Trung tâm Học liệu Trường Đại học Cần Thơ